[Event "PRO League KO Stage 2019"]
[Site "chess.com INT"]
[Date "2019.03.27"]
[Round "2"]
[White "Grabinsky, Joshua"]
[Black "Theodorou, Nikolas"]
[Result "0-1"]
[WhiteTitle "CM"]
[BlackTitle "IM"]
[WhiteElo "2078"]
[BlackElo "2551"]
[WhiteTeam "Webster Windmills"]
[BlackTeam "Saint Louis Arch Bishops"]
[WhiteFideId "30919754"]
[BlackFideId "4262875"]
[EventDate "2019.03.19"]

1. e4 c5 2. Nf3 d6 3. d4 cxd4 4. Nxd4 Nf6 5. Nc3 a6 6. h3 b5 7. g4 Bb7 8. Bg2
Nc6 9. Nxc6 Bxc6 10. Be3 e6 11. O-O b4 12. Ne2 Bxe4 13. Qd4 Bxg2 14. Kxg2 Qb8
15. Ng3 Qb7+ 16. Kh2 Rc8 17. Rac1 h5 18. g5 Nd7 19. f4 h4 20. Ne4 d5 21. Nd2 Qb5
22. Rfe1 Rg8 23. Nf3 Bd6 24. Kg2 Kd8 25. f5 Rc4 26. Qd3 e5 27. b3 Rc3 28. Qxb5
axb5 29. Bd2 e4 30. Nxh4 Rg3+ 31. Kf2 Rxh3 32. Rh1 Rxh1 33. Rxh1 Rh8 34. c3 Ne5
35. Rh3 Nf3 36. Rxf3 Rxh4 37. Re3 Bc5 38. cxb4 Rf4+ 39. Ke2 Bxe3 40. Bxe3 Rh4
41. a4 Rh2+ 42. Kd1 Kc8 43. a5 Kb7 44. Ke1 g6 45. fxg6 fxg6 46. Kd1 Rb2 47. Bc5
Rxb3 48. Kc2 Rg3 49. Be7 d4 50. Kd1 Rg1+ 51. Ke2 d3+ 52. Ke3 Re1+ 53. Kd2 Re2+
54. Kd1 Rg2 55. Bc5 Rxg5 56. Kd2 Rg2+ 57. Kd1 g5 58. Be3 g4 59. Bf4 Rf2 60. Be3
g3 61. Ke1 Re2+ 0-1

[Event "PRO League KO Stage 2019"]
[Site "chess.com INT"]
[Date "2019.03.27"]
[Round "2"]
[White "Caruana, Fabiano"]
[Black "Shimanov, Aleksandr"]
[Result "1-0"]
[WhiteTitle "GM"]
[BlackTitle "GM"]
[WhiteElo "2828"]
[BlackElo "2613"]
[WhiteTeam "Saint Louis Arch Bishops"]
[BlackTeam "Webster Windmills"]
[WhiteFideId "2020009"]
[BlackFideId "4198603"]
[EventDate "2019.03.19"]

1. e4 c6 2. d4 d5 3. e5 Bf5 4. f4 e6 5. Nf3 h5 6. c3 Nd7 7. Be3 Nh6 8. Bd3 Be7
9. O-O a6 10. a4 c5 11. a5 Rc8 12. Bf2 Bxd3 13. Qxd3 Nf5 14. Nbd2 cxd4 15. Nxd4
Nxd4 16. Bxd4 g6 17. b4 Nb8 18. Rf3 Nc6 19. Bb6 Qd7 20. Nb3 Kf8 21. Raf1 Kg7 22.
Rg3 h4 23. Rh3 Bd8 24. Bf2 Be7 25. Qe2 Rh5 26. Rd1 Rch8 27. Rhd3 Rf5 28. Be3 Qc8
29. Nd2 Rd8 30. Bb6 Rh8 31. Qg4 g5 32. Rf3 Kf8 33. Re1 Rg8 34. Qh5 g4 35. Qh6+
Ke8 36. Rd3 Rg6 37. Qh8+ Kd7 38. Qxc8+ Kxc8 39. g3 hxg3 40. hxg3 Rh6 41. Nf1
Rfh5 42. Kg2 Kd7 43. Bg1 f5 44. exf6 Bxf6 45. Ne3 Bh8 46. Nxg4 Rg6 47. Nh2 Rf5
48. Be3 Rf8 49. Nf3 Rfg8 50. Bf2 Bf6 51. c4 Kc8 52. Rxe6 dxc4 53. Rdd6 c3 54.
Rxf6 c2 55. Rxc6+ bxc6 56. Rxg6 Rxg6 57. Be3 Rd6 58. Ne1 c1=Q 59. Bxc1 Rd1 60.
Be3 Rxe1 61. Kf3 Kd7 62. g4 Rb1 63. Bc5 Ke6 64. Ke4 Re1+ 65. Be3 Rb1 66. f5+ Kf6
67. g5+ Ke7 68. Bc5+ Kf7 69. g6+ Kg7 70. Bd4+ Kh6 71. Bc5 Kg7 72. Ke5 Re1+ 73.
Kd6 Kf6 74. Kxc6 Rd1 75. Kb7 Kxf5 76. Kxa6 Rd8 77. g7 1-0

[Event "PRO League KO Stage 2019"]
[Site "chess.com INT"]
[Date "2019.03.27"]
[Round "2"]
[White "Robson, Ray"]
[Black "Caruana, Fabiano"]
[Result "0-1"]
[WhiteTitle "GM"]
[BlackTitle "GM"]
[WhiteElo "2667"]
[BlackElo "2828"]
[WhiteTeam "Webster Windmills"]
[BlackTeam "Saint Louis Arch Bishops"]
[WhiteFideId "2023970"]
[BlackFideId "2020009"]
[EventDate "2019.03.19"]

1. e4 e5 2. Nf3 Nc6 3. Bb5 a6 4. Ba4 Nf6 5. O-O Be7 6. Re1 b5 7. Bb3 O-O 8. a4
Rb8 9. d3 d6 10. axb5 axb5 11. Nbd2 h6 12. h3 Re8 13. c3 Bf8 14. Nf1 Ne7 15. Nh4
g5 16. Nf3 Ng6 17. Ng3 c5 18. d4 c4 19. Bc2 Qc7 20. d5 Nf4 21. Nh2 b4 22. cxb4
Rxb4 23. Nhf1 Bd7 24. Ne3 Rc8 25. Nef5 Rb7 26. Ra3 Qd8 27. h4 gxh4 28. Nxh4 c3
29. Rxc3 Rxc3 30. bxc3 N6xd5 31. Bxf4 Nxf4 32. Nhf5 Be6 33. Nh5 Nxh5 34. Qxh5
Qg5 35. Qd1 h5 36. Re3 h4 37. Ba4 d5 38. Bc6 Rb6 39. Bxd5 Bxd5 40. Qxd5 Rb1+ 41.
Kh2 Qf4+ 42. Ng3 Qxf2 43. Nf5 Qf4+ 44. g3 Qf1 45. gxh4 Qh1+ 46. Kg3 Rg1+ 47. Kf2
Qg2# 0-1

[Event "PRO League KO Stage 2019"]
[Site "chess.com INT"]
[Date "2019.03.27"]
[Round "2"]
[White "Theodorou, Nikolas"]
[Black "Nyzhnyk, Illya"]
[Result "1-0"]
[WhiteTitle "IM"]
[BlackTitle "GM"]
[WhiteElo "2551"]
[BlackElo "2638"]
[WhiteTeam "Saint Louis Arch Bishops"]
[BlackTeam "Webster Windmills"]
[WhiteFideId "4262875"]
[BlackFideId "14118084"]
[EventDate "2019.03.19"]

1. e4 c5 2. Nf3 d6 3. d4 cxd4 4. Nxd4 Nf6 5. Nc3 a6 6. Bg5 Nbd7 7. Qe2 Qa5 8.
Bd2 Qc7 9. O-O-O b5 10. g4 h6 11. Bg2 Bb7 12. Nd5 Nxd5 13. exd5 Nf6 14. g5 hxg5
15. Bxg5 Nxd5 16. Nf5 g6 17. Ng3 Nc3 18. bxc3 Bxg2 19. Rhe1 Bb7 20. Ne4 Bxe4 21.
Qxe4 Rc8 22. h4 e6 23. Qd4 Rh5 24. Rd3 Qc5 25. Qf6 Qf5 26. Qd4 Rc7 27. Re5 Rc4
28. Qb6 Rxg5 29. Qb8+ Kd7 30. Rxf5 Rxf5 31. Qxf8 d5 32. Qa8 Ra4 33. Kb2 Ke7 34.
Rd4 Kf6 35. Rxa4 bxa4 36. Qxa6 Rf4 37. Qa8 Kg7 38. Qd8 Rc4 39. Qg5 Kf8 40. Qf6
Ke8 41. f3 Kf8 42. a3 Ke8 43. Kc1 Kf8 44. Kd2 Ke8 45. Ke2 Kf8 46. Kf2 Ke8 47.
Kg3 Kf8 48. f4 Re4 49. Kg4 e5 50. Qd8+ Kg7 51. Qxd5 Rxf4+ 52. Kg3 1-0

[Event "PRO League KO Stage 2019"]
[Site "chess.com INT"]
[Date "2019.03.27"]
[Round "2"]
[White "Bloomer, Josh"]
[Black "Grabinsky, Joshua"]
[Result "0-1"]
[BlackTitle "CM"]
[WhiteElo "1950"]
[BlackElo "2078"]
[WhiteTeam "Saint Louis Arch Bishops"]
[BlackTeam "Webster Windmills"]
[WhiteFideId "2020416"]
[BlackFideId "30919754"]
[EventDate "2019.03.19"]

1. d4 Nf6 2. c4 e6 3. Nc3 Bb4 4. Qc2 d5 5. cxd5 Qxd5 6. e3 O-O 7. Bd2 Bxc3 8.
Bxc3 Rd8 9. Nf3 b6 10. Qa4 Bb7 11. Be2 Ne4 12. O-O g5 13. Bc4 Qf5 14. Qc2 Nxc3
15. Qxf5 exf5 16. bxc3 Bxf3 17. gxf3 c5 18. Bd3 cxd4 19. cxd4 Rd5 20. f4 gxf4
21. Be2 Rd6 22. Bf3 Nc6 23. Rfc1 Rc8 24. Rc3 Ne7 25. Rxc8+ Nxc8 26. Rc1 Ne7 27.
Rc7 Ng6 28. Kf1 a5 29. Be2 fxe3 30. fxe3 f4 31. Bc4 fxe3 32. Bxf7+ Kf8 33. Bxg6
hxg6 34. Ke2 Rxd4 35. Kxe3 Rb4 36. Rb7 Rb2 37. h4 b5 38. Kd3 b4 39. Kc4 Rxa2 40.
Ra7 Rh2 41. Rxa5 Rxh4+ 42. Kd3 Kg7 43. Rb5 Rh3+ 44. Ke4 Rb3 45. Kf4 Kh6 46. Kg4
Rb1 47. Rb8 b3 48. Kg3 Kh5 49. Kg2 g5 50. Rb5 Kh4 51. Rb4+ g4 52. Rb8 Rb2+ 53.
Kf1 Kh3 54. Rh8+ Kg3 55. Rb8 Rb1+ 56. Ke2 Kg2 57. Rg8 g3 58. Ke3 b2 59. Kf4 Rf1+
60. Ke3 b1=Q 0-1

[Event "PRO League KO Stage 2019"]
[Site "chess.com INT"]
[Date "2019.03.27"]
[Round "2"]
[White "Shimanov, Aleksandr"]
[Black "So, Wesley"]
[Result "1/2-1/2"]
[WhiteTitle "GM"]
[BlackTitle "GM"]
[WhiteElo "2613"]
[BlackElo "2762"]
[WhiteTeam "Webster Windmills"]
[BlackTeam "Saint Louis Arch Bishops"]
[WhiteFideId "4198603"]
[BlackFideId "5202213"]
[EventDate "2019.03.19"]

1. d4 Nf6 2. Bg5 d5 3. e3 c5 4. Bxf6 gxf6 5. dxc5 e6 6. Nf3 Bxc5 7. Be2 O-O 8.
O-O Nc6 9. c4 dxc4 10. Qa4 Nb4 11. Qb5 b6 12. Qxc4 f5 13. Rd1 Qf6 14. Nc3 Bb7
15. Qf4 Nd5 16. Nxd5 Bxd5 17. Qe5 Be7 18. Rxd5 exd5 19. Rd1 Rad8 20. Qf4 Bd6 21.
Qa4 f4 22. Rxd5 fxe3 23. Rh5 exf2+ 24. Kf1 Bf4 25. Qe4 Qg6 26. Qxf4 Qxh5 27. Ne5
Rd1+ 28. Kxf2 Rd2 29. Ng4 1/2-1/2

[Event "PRO League KO Stage 2019"]
[Site "chess.com INT"]
[Date "2019.03.27"]
[Round "2"]
[White "Bartholomew, John"]
[Black "Li, Chao b"]
[Result "0-1"]
[WhiteTitle "IM"]
[BlackTitle "GM"]
[WhiteElo "2439"]
[BlackElo "2699"]
[WhiteTeam "Minnesota Blizzard"]
[BlackTeam "Chengdu Pandas"]
[WhiteFideId "2019353"]
[BlackFideId "8604436"]
[EventDate "2019.03.19"]

1. d4 Nf6 2. Nf3 e6 3. c4 c5 4. d5 exd5 5. cxd5 Bd6 6. Nc3 O-O 7. Bg5 Re8 8. e3
Bc7 9. Be2 d6 10. Nd2 Nbd7 11. O-O a6 12. a4 Ba5 13. Nc4 Bxc3 14. bxc3 Ne5 15.
Bf4 Nxc4 16. Bxc4 b6 17. Bd3 Bb7 18. c4 b5 19. cxb5 Bxd5 20. bxa6 c4 21. Bc2
Rxa6 22. Bg5 Ra5 23. Qd4 h6 24. Bh4 g5 25. Bg3 Ne4 26. Rad1 f5 27. f3 Nxg3 28.
hxg3 Qe7 29. Rfe1 Qe5 30. Qxe5 Rxe5 31. f4 Re7 32. Bxf5 Kg7 33. e4 Bf7 34. Kf2
Ra6 35. Rd4 Rb7 36. e5 dxe5 37. fxe5 Rxa4 38. e6 Be8 39. Rd7+ Bxd7 40. exd7 Ra2+
41. Kf3 Rd2 42. Rc1 Kf6 43. g4 Rc7 44. Ke3 Rd6 45. Rc3 h5 46. Ke4 h4 47. Ke3 Ke5
48. Rc1 c3 49. Rc2 Rd5 50. Rc1 c2 51. Ke2 Kf4 52. Kf2 Rd1 53. Rxc2 Rxc2+ 54.
Bxc2 Rxd7 55. Bf5 Rd2+ 56. Kf1 Kg3 0-1

[Event "PRO League KO Stage 2019"]
[Site "chess.com INT"]
[Date "2019.03.27"]
[Round "2"]
[White "Zhang, Di"]
[Black "Corrales Jimenez, Fidel"]
[Result "0-1"]
[BlackTitle "GM"]
[WhiteElo "1966"]
[BlackElo "2563"]
[WhiteTeam "Chengdu Pandas"]
[BlackTeam "Minnesota Blizzard"]
[WhiteFideId "8616590"]
[BlackFideId "3506690"]
[EventDate "2019.03.19"]

1. d4 Nf6 2. c4 e6 3. Nf3 c5 4. e3 cxd4 5. exd4 d5 6. Nc3 Be7 7. Be2 O-O 8. O-O
Nc6 9. Bg5 dxc4 10. Bxc4 b6 11. Qa4 Nxd4 12. Ne5 Nd7 13. Nc6 Nxc6 14. Qxc6 Rb8
15. Bf4 Bb7 16. Qa4 Nc5 17. Qc2 Rc8 18. Rad1 Qe8 19. b4 Na6 20. Qe2 Nxb4 21. Bb5
Bc6 22. a3 Bxb5 23. Nxb5 Nd5 24. Bg3 Qd7 25. Qd3 Rfd8 26. Rfe1 a6 27. Nd4 Nc3
28. Rd2 Qxd4 29. Qxd4 Rxd4 30. Rxd4 Ne2+ 31. Kf1 Nxd4 32. Rd1 Bf6 33. a4 b5 34.
axb5 axb5 0-1

[Event "PRO League KO Stage 2019"]
[Site "chess.com INT"]
[Date "2019.03.27"]
[Round "2"]
[White "Zhao, Jun"]
[Black "Henriquez Villagra, Cristobal"]
[Result "0-1"]
[WhiteTitle "GM"]
[BlackTitle "GM"]
[WhiteElo "2627"]
[BlackElo "2522"]
[WhiteTeam "Chengdu Pandas"]
[BlackTeam "Minnesota Blizzard"]
[WhiteFideId "8602522"]
[BlackFideId "3409350"]
[EventDate "2019.03.19"]

1. d4 Nf6 2. c4 g6 3. Nc3 Bg7 4. e4 d6 5. Be2 O-O 6. Nf3 Nbd7 7. Bg5 h6 8. Be3
e5 9. O-O Ng4 10. Bc1 c6 11. d5 cxd5 12. Nxd5 Nc5 13. Nc3 Nf6 14. Qc2 b6 15. Be3
Bb7 16. Nd2 Qd7 17. Rfd1 Rfc8 18. Rac1 Qe6 19. b4 Ncd7 20. Qb3 Ng4 21. Bxg4 Qxg4
22. Nb5 Bf8 23. f3 Qe6 24. c5 dxc5 25. Qxe6 fxe6 26. Nc4 cxb4 27. Ncd6 Rxc1 28.
Rxc1 a6 29. Nc7 Rb8 30. Rd1 Nc5 31. Bxc5 bxc5 32. Nc4 Bc6 33. Nxe5 Ba4 34. Rd2
c4 35. Nxc4 Rc8 36. Nb6 Bc5+ 0-1

[Event "PRO League KO Stage 2019"]
[Site "chess.com INT"]
[Date "2019.03.27"]
[Round "2"]
[White "Tang, Andrew"]
[Black "Wang, Yue"]
[Result "0-1"]
[WhiteTitle "GM"]
[BlackTitle "GM"]
[WhiteElo "2490"]
[BlackElo "2684"]
[WhiteTeam "Minnesota Blizzard"]
[BlackTeam "Chengdu Pandas"]
[WhiteFideId "2059630"]
[BlackFideId "8601429"]
[EventDate "2019.03.19"]

1. d4 d5 2. Bf4 Nf6 3. e3 c5 4. Nc3 a6 5. dxc5 Nc6 6. Nf3 Bg4 7. Be2 e6 8. Na4
Nd7 9. h3 Bh5 10. O-O Nxc5 11. Nxc5 Bxc5 12. Ne5 Bxe2 13. Qxe2 Rc8 14. c4 dxc4
15. Rfd1 Qh4 16. Nd7 Be7 17. Qxc4 Qh5 18. a4 Rd8 19. Nb6 Rxd1+ 0-1

[Event "PRO League KO Stage 2019"]
[Site "chess.com INT"]
[Date "2019.03.27"]
[Round "2"]
[White "Li, Chao b"]
[Black "Tang, Andrew"]
[Result "1-0"]
[WhiteTitle "GM"]
[BlackTitle "GM"]
[WhiteElo "2699"]
[BlackElo "2490"]
[WhiteTeam "Chengdu Pandas"]
[BlackTeam "Minnesota Blizzard"]
[WhiteFideId "8604436"]
[BlackFideId "2059630"]
[EventDate "2019.03.19"]

1. e4 e5 2. Nf3 Nc6 3. Bc4 Bc5 4. b4 Bxb4 5. c3 Be7 6. d4 Na5 7. Be2 d6 8. dxe5
dxe5 9. Qa4+ c6 10. Nxe5 Nf6 11. O-O Qc7 12. f4 b5 13. Qc2 Qb6+ 14. Kh1 O-O 15.
Nd2 Bb7 16. Rb1 a6 17. c4 Rad8 18. Ndf3 c5 19. Ng5 h6 20. cxb5 axb5 21. Rxb5 Qc7
22. Ngxf7 Bxe4 23. Qc3 Ra8 24. Nxh6+ gxh6 25. Qg3+ Kh7 26. Bd3 Qd6 27. Bxe4+
Nxe4 28. Qf3 Qd5 29. Re1 Nf6 30. Qc3 Rg8 31. Qc2+ Kh8 32. Ng6+ Rxg6 33. Qxg6 Nc6
34. Bb2 Rf8 35. Qxh6+ Kg8 36. Qg6+ Kh8 37. Rb3 1-0

[Event "PRO League KO Stage 2019"]
[Site "chess.com INT"]
[Date "2019.03.27"]
[Round "2"]
[White "Henriquez Villagra, Cristobal"]
[Black "Zhang, Di"]
[Result "1/2-1/2"]
[WhiteTitle "GM"]
[WhiteElo "2522"]
[BlackElo "1966"]
[WhiteTeam "Minnesota Blizzard"]
[BlackTeam "Chengdu Pandas"]
[WhiteFideId "3409350"]
[BlackFideId "8616590"]
[EventDate "2019.03.19"]

1. e4 c5 2. Nc3 Nc6 3. g3 e6 4. Bg2 Nf6 5. Nge2 d5 6. exd5 Nxd5 7. Nxd5 exd5 8.
O-O Be7 9. d4 cxd4 10. Nxd4 O-O 11. Bf4 Bf6 12. Nxc6 bxc6 13. c3 Qb6 14. Qb3 Ba6
15. Rfe1 Rfe8 16. Qxb6 axb6 17. Bc7 b5 18. Bd6 Bb7 19. Bc5 g6 20. a3 Kg7 21. f4
Rg8 22. Re3 Bc8 23. Rae1 Bf5 24. Bf3 h5 25. Kg2 Ra4 26. b3 Raa8 27. h3 Bc2 28.
g4 hxg4 29. hxg4 g5 30. fxg5 Bxg5 31. Bd4+ Kg6 32. Re5 Rxa3 33. b4 Bd3 34. Be2
Ra2 35. Kg3 Be4 36. Bf3 Bxf3 37. Kxf3 Bf6 38. R5e2 Rxe2 39. Rxe2 Bxd4 40. cxd4
Ra8 41. Rc2 Ra6 42. Kf4 f6 1/2-1/2

[Event "PRO League KO Stage 2019"]
[Site "chess.com INT"]
[Date "2019.03.27"]
[Round "2"]
[White "Corrales Jimenez, Fidel"]
[Black "Zhao, Jun"]
[Result "1/2-1/2"]
[WhiteTitle "GM"]
[BlackTitle "GM"]
[WhiteElo "2563"]
[BlackElo "2627"]
[WhiteTeam "Minnesota Blizzard"]
[BlackTeam "Chengdu Pandas"]
[WhiteFideId "3506690"]
[BlackFideId "8602522"]
[EventDate "2019.03.19"]

1. e4 e5 2. Nf3 Nc6 3. Bb5 Nf6 4. O-O Nxe4 5. d4 Nd6 6. Bxc6 dxc6 7. dxe5 Nf5 8.
Qxd8+ Kxd8 9. Nc3 Ke8 10. h3 h6 11. b3 Ne7 12. Ne4 Ng6 13. Bb2 Be7 14. Rfe1 Kf8
15. Rad1 Kg8 16. Nd6 cxd6 17. exd6 Bxd6 18. Rxd6 Kh7 19. c4 c5 20. Kh2 b6 21. g4
Be6 22. Kg3 Rhd8 23. Red1 Rxd6 24. Rxd6 Kg8 25. h4 Nf8 26. Ne5 f6 27. Nc6 Kf7
28. Rd8 Rxd8 29. Nxd8+ Ke8 30. Nxe6 Nxe6 31. Kf3 Nf8 32. Ke4 Ng6 33. h5 Ne7 34.
f4 Kf7 35. Bc1 Ke6 36. f5+ Kd7 37. Bf4 Kc6 38. a4 a5 39. Bg3 Nc8 40. Bf4 Nd6+
41. Bxd6 Kxd6 42. Kf4 Kc6 43. Ke4 Kd6 44. Kf4 Kc6 45. Ke4 1/2-1/2

[Event "PRO League KO Stage 2019"]
[Site "chess.com INT"]
[Date "2019.03.27"]
[Round "2"]
[White "Wang, Yue"]
[Black "Bartholomew, John"]
[Result "1/2-1/2"]
[WhiteTitle "GM"]
[BlackTitle "IM"]
[WhiteElo "2684"]
[BlackElo "2439"]
[WhiteTeam "Chengdu Pandas"]
[BlackTeam "Minnesota Blizzard"]
[WhiteFideId "8601429"]
[BlackFideId "2019353"]
[EventDate "2019.03.19"]

1. d4 d5 2. Bf4 c5 3. e3 cxd4 4. exd4 Nc6 5. c3 Bf5 6. Qb3 Qd7 7. Nf3 f6 8. Nbd2
g5 9. Bg3 h5 10. h4 g4 11. Nh2 Nh6 12. Bb5 Bg6 13. Nhf1 Nf5 14. Bf4 a6 15. Bxc6
Qxc6 16. Ng3 Nxg3 17. fxg3 Bg7 18. O-O O-O 19. Rae1 Rae8 20. c4 dxc4 21. Nxc4
Bf7 22. Na5 Qd5 23. Qxd5 Bxd5 24. b3 e5 25. Be3 Rc8 26. dxe5 fxe5 27. Rd1 Rxf1+
28. Kxf1 Be4 29. Nc4 b5 30. Nd6 Rf8+ 31. Kg1 Rd8 32. Rd2 Bb1 33. a3 Bf8 34. Bc5
Bxd6 35. Rxd6 Rxd6 36. Bxd6 Bc2 37. b4 1/2-1/2

[Event "PRO League KO Stage 2019"]
[Site "chess.com INT"]
[Date "2019.03.27"]
[Round "2"]
[White "Zhang, Di"]
[Black "Tang, Andrew"]
[Result "0-1"]
[BlackTitle "GM"]
[WhiteElo "1966"]
[BlackElo "2490"]
[WhiteTeam "Chengdu Pandas"]
[BlackTeam "Minnesota Blizzard"]
[WhiteFideId "8616590"]
[BlackFideId "2059630"]
[EventDate "2019.03.19"]

1. d4 d5 2. c4 e6 3. Nc3 Be7 4. cxd5 exd5 5. Bf4 c6 6. e3 Bf5 7. Nge2 Nd7 8. Ng3
Bg6 9. Bd3 Ngf6 10. O-O O-O 11. Rb1 a5 12. f3 Re8 13. Bxg6 hxg6 14. e4 dxe4 15.
fxe4 Nf8 16. Be3 Ne6 17. Qf3 Nxd4 18. Qf2 Bc5 19. Rbd1 Ng4 20. Qxf7+ Kh7 21.
Bxd4 Bxd4+ 22. Kh1 Qh4 0-1

[Event "PRO League KO Stage 2019"]
[Site "chess.com INT"]
[Date "2019.03.27"]
[Round "2"]
[White "Corrales Jimenez, Fidel"]
[Black "Wang, Yue"]
[Result "0-1"]
[WhiteTitle "GM"]
[BlackTitle "GM"]
[WhiteElo "2563"]
[BlackElo "2684"]
[WhiteTeam "Minnesota Blizzard"]
[BlackTeam "Chengdu Pandas"]
[WhiteFideId "3506690"]
[BlackFideId "8601429"]
[EventDate "2019.03.19"]

1. e4 c6 2. d4 d5 3. e5 Bf5 4. h4 h6 5. g4 Bd7 6. f4 h5 7. g5 Bg4 8. Be2 Bxe2 9.
Nxe2 e6 10. g6 fxg6 11. Be3 Nd7 12. Qd3 Ne7 13. Nd2 Qa5 14. a3 Nf5 15. O-O-O Qb5
16. Qxb5 cxb5 17. Bf2 Rc8 18. Rdg1 Kf7 19. Rg2 Be7 20. Nf3 Rc6 21. Kb1 Rhc8 22.
Rc1 Nb6 23. c3 a5 24. Rcg1 b4 25. axb4 axb4 26. Be1 bxc3 27. Nxc3 Nc4 28. Rxg6
Nce3 29. Bf2 Ng4 30. R6xg4 hxg4 31. Rxg4 b5 32. Ne1 Rxc3 33. bxc3 Rxc3 34. Rg1
b4 35. Rh1 Rc4 36. Nf3 Rc3 37. Ne1 Bd8 38. Kb2 Bb6 39. Nc2 Rf3 40. Be1 b3 41.
Nb4 Bxd4+ 42. Kb1 Rxf4 43. Nc6 Re4 44. Ba5 Bxe5 0-1

[Event "PRO League KO Stage 2019"]
[Site "chess.com INT"]
[Date "2019.03.27"]
[Round "2"]
[White "Henriquez Villagra, Cristobal"]
[Black "Li, Chao b"]
[Result "0-1"]
[WhiteTitle "GM"]
[BlackTitle "GM"]
[WhiteElo "2522"]
[BlackElo "2699"]
[WhiteTeam "Minnesota Blizzard"]
[BlackTeam "Chengdu Pandas"]
[WhiteFideId "3409350"]
[BlackFideId "8604436"]
[EventDate "2019.03.19"]

1. e4 c6 2. d4 d5 3. exd5 cxd5 4. Bd3 Nc6 5. c3 Qc7 6. Ne2 e6 7. Bf4 Bd6 8. Bg3
Nge7 9. O-O h5 10. Na3 a6 11. Qd2 h4 12. Bxd6 Qxd6 13. Qg5 Kf8 14. h3 f6 15. Qe3
Kf7 16. f4 Bd7 17. Nc2 Nf5 18. Qf2 Nce7 19. Ne3 Nxe3 20. Qxe3 Bb5 21. Nc1 Nf5
22. Qd2 Ng3 23. Re1 Rhg8 24. Bh7 Rgc8 25. Bc2 a5 26. Nd3 Bxd3 27. Bxd3 b6 28.
Qf2 g6 29. Re3 Rh8 30. Rae1 Rae8 31. Qf3 Nh5 32. Bxg6+ Kxg6 33. f5+ Kh6 34. Rxe6
Rxe6 35. Rxe6 Qf4 36. Rxf6+ Kg5 37. Rxb6 Qxf3 38. gxf3 Kxf5 39. a4 Nf4 40. b4
Rg8+ 41. Kh1 Nxh3 0-1

[Event "PRO League KO Stage 2019"]
[Site "chess.com INT"]
[Date "2019.03.27"]
[Round "2"]
[White "Zhao, Jun"]
[Black "Bartholomew, John"]
[Result "0-1"]
[WhiteTitle "GM"]
[BlackTitle "IM"]
[WhiteElo "2627"]
[BlackElo "2439"]
[WhiteTeam "Chengdu Pandas"]
[BlackTeam "Minnesota Blizzard"]
[WhiteFideId "8602522"]
[BlackFideId "2019353"]
[EventDate "2019.03.19"]

1. e4 d5 2. exd5 Qxd5 3. Nc3 Qa5 4. Bc4 Nf6 5. Nge2 c6 6. d3 g6 7. O-O Bg7 8. a3
O-O 9. Ng3 Nbd7 10. Re1 e6 11. Ba2 Qc7 12. Qf3 b6 13. Bf4 e5 14. Bd2 Bb7 15.
Nge4 Nd5 16. h4 h5 17. Ng5 N7f6 18. Qg3 Ng4 19. d4 Rac8 20. f3 exd4 21. Qxc7
Nxc7 22. Nce4 Ne3 23. Nd6 Rb8 24. Ngxf7 Ncd5 25. c4 Nf4 26. Rxe3 dxe3 27. Bxe3
Bxb2 28. Rb1 Bd4 29. Bxd4 Ne2+ 30. Kf2 Nxd4 31. c5 Kg7 32. cxb6 axb6 33. Re1 c5
34. Re7 Kf6 35. Re1 Bc6 0-1

[Event "PRO League KO Stage 2019"]
[Site "chess.com INT"]
[Date "2019.03.27"]
[Round "2"]
[White "Tang, Andrew"]
[Black "Zhao, Jun"]
[Result "1-0"]
[WhiteTitle "GM"]
[BlackTitle "GM"]
[WhiteElo "2490"]
[BlackElo "2627"]
[WhiteTeam "Minnesota Blizzard"]
[BlackTeam "Chengdu Pandas"]
[WhiteFideId "2059630"]
[BlackFideId "8602522"]
[EventDate "2019.03.19"]

1. d4 Nf6 2. Bf4 d5 3. e3 e6 4. Nf3 Bd6 5. Nbd2 b6 6. Ne5 O-O 7. Qf3 c5 8. c3
Ba6 9. Bxa6 Nxa6 10. Bg5 Rc8 11. h4 Be7 12. h5 Ne8 13. Bf4 f6 14. Ng6 Rf7 15.
Qg4 Nac7 16. h6 Bd6 17. Bxd6 Nxd6 18. Nf4 e5 19. dxe5 fxe5 20. Nd3 Qf6 21. hxg7
Rxg7 22. Qh5 Nf7 23. f4 exf4 24. Nxf4 Qe5 25. Qh3 Re8 26. Nh5 Ng5 27. Qh4 Qxe3+
28. Kd1 Qe2+ 29. Kc2 Ne4 30. Rad1 Rg4 31. Qh3 Qxg2 32. Qe3 Nxd2 33. Nf6+ Kf7 34.
Rxh7+ Kxf6 35. Qh6+ Rg6 36. Qf4+ 1-0

[Event "PRO League KO Stage 2019"]
[Site "chess.com INT"]
[Date "2019.03.27"]
[Round "2"]
[White "Bartholomew, John"]
[Black "Zhang, Di"]
[Result "1/2-1/2"]
[WhiteTitle "IM"]
[WhiteElo "2439"]
[BlackElo "1966"]
[WhiteTeam "Minnesota Blizzard"]
[BlackTeam "Chengdu Pandas"]
[WhiteFideId "2019353"]
[BlackFideId "8616590"]
[EventDate "2019.03.19"]

1. d4 Nf6 2. Nf3 d5 3. c4 e6 4. Bg5 Be7 5. Nc3 O-O 6. e3 b6 7. Bxf6 Bxf6 8. cxd5
exd5 9. Be2 Be6 10. b4 c5 11. bxc5 bxc5 12. O-O c4 13. Qa4 Nd7 14. Rab1 Nb6 15.
Qa5 Qd7 16. Ne5 Bxe5 17. dxe5 d4 18. exd4 Qxd4 19. Rbd1 Qf4 20. Bf3 Rab8 21.
Rfe1 Nd7 22. Re4 Qg5 23. h4 Qe7 24. Qxa7 Qb4 25. Nd5 Bxd5 26. Rxd5 Nb6 27. Rd6
Nc8 28. Qc7 Nxd6 29. exd6 Rbc8 30. Qe7 Rcd8 31. d7 Qxe7 32. Rxe7 c3 33. Bd1 g6
34. g4 Kg7 35. g5 h6 36. Bb3 hxg5 37. hxg5 Rb8 38. Kg2 Kh8 39. Ba4 Kg7 40. Bb3
Kh8 41. Kg3 Rfd8 42. Ba4 Kg7 43. f4 Kf8 44. Re3 Rb4 45. Bb3 Rxd7 46. Rxc3 Kg7
47. Kg4 Rdd4 48. Rf3 Re4 49. Kg3 Red4 50. Rf2 Rd3+ 51. Kg4 Rdd4 52. Kg3 Rd3+ 53.
Rf3 Rdd4 54. Rf1 Rd3+ 55. Kg4 f5+ 56. gxf6+ Kxf6 57. Rc1 Rd6 58. Rc5 Rbd4 59.
Rg5 Rb4 60. Bc2 Kf7 61. Bb3+ Kf6 62. Bc2 Kf7 63. Rc5 Rdd4 64. Rc7+ Kf6 65. Rc6+
Ke7 66. Bxg6 Rxf4+ 67. Kg5 Rfc4 1/2-1/2